| 000 | 00838cam a2200277 4500 | ||
|---|---|---|---|
| 008 | 090401t1986 xxu||||| |||| 00| 0 eng d | ||
| 020 | _a085406317X | ||
| 035 | _a(Sirsi) u43183 | ||
| 041 | _aeng | ||
| 050 | _a711.1 | ||
| 090 | _aRICS 1986/35 ABCD | ||
| 110 |
_aRoyal Institution of Chartered Surveyors _94900 |
||
| 245 | 4 | _aThe review of mineral workings and the Town and Country Planning (Minerals) Act 1981 : an introduction for practitioners | |
| 260 |
_aLondon _bSP _c1986 |
||
| 300 | _a18p. ; 30cm. | ||
| 350 | _a3.25 | ||
| 490 | _aMineral Surveyors Guidance Notes | ||
| 520 | _aPrepared by the Minerals Division and Planning and Development Division | ||
| 650 | _aCOMPENSATION | ||
| 650 | _aGUIDANCE NOTES | ||
| 650 | _aMINERALS | ||
| 650 | _aPLANNING | ||
| 650 | _aRICS | ||
| 942 | _n0 | ||
| 948 | _c04/03/1997 | ||
| 999 |
_c91264 _d91264 |
||